Hỏi đáp về cây mía và kỹ thuật trồng

Gorde:
Xehetasun bibliografikoak
Egile nagusia: Nguyễn Huy Ước
Formatua: Liburua
Hizkuntza:Undetermined
Argitaratua: H. Nông Nghiệp 2001
Gaiak:
Etiketak: Etiketa erantsi
Etiketarik gabe, Izan zaitez lehena erregistro honi etiketa jartzen!
Thư viện lưu trữ: Trung tâm Học liệu Trường Đại học Cần Thơ
LEADER 00536nam a2200193Ia 4500
001 CTU_57128
008 210402s9999 xx 000 0 und d
020 |b 9500 
082 |a 633.61 
082 |b Ư557 
100 |a Nguyễn Huy Ước 
245 0 |a Hỏi đáp về cây mía và kỹ thuật trồng 
245 0 |c Nguyễn Huy Ước 
260 |a H. 
260 |b Nông Nghiệp 
260 |c 2001 
650 |a sugarcane 
650 |x planting 
980 |a Trung tâm Học liệu Trường Đại học Cần Thơ